000 01134nas a2200373 4500
001 BR0701964
003 BR-BrBNA
005 20231205110723.0
007 ta
008 230509b bl.|||p| |||| 00| 00por d
040 _aBR-BrBNA
_bpor
_cBiblioteca Nacional de Agricultura
041 _a(Pt)
072 _aL02
100 1 _aBarroso, D.D.
100 1 _aAraújo, G.G.L. de
100 1 _aSilva, D.S.
100 1 _aGonzaga Nete, S.
100 1 _aMedina, F.T.
245 1 _aDesenvolvimento de ovinos terminados em confinamento com resíduo desidratados de vitivinícolas associado a diferentes fontes energéticas
650 _aOVINO
650 _aDIETA
650 _aRESÍDUO INDUSTRIAL
650 _aDESIDRATAÇÃO
650 _aCONVERSÃO ALIMENTAR
650 _aGANHO DE PESO
650 _aCOMPOSIÇÃO DE ALIMENTO
650 _aVALOR NUTRITIVO
650 _aDIETA
650 _aRESÍDUO INDUSTRIAL
650 _aDESIDRATAÇÃO
773 0 _tCiência Rural (Brazil)
_xISSN 0103-8478
_g(Sep-Oct 2006), v. 36(5) p. 1553-1557
_wBR0701964
909 _a202311
_bLúcia
_c55
_dLúcia Elande
942 _2AGRIS
_n0
_cANA
999 _c188728
_d188728